000 00871nas a2200277 4500
001 BR2013007211
003 BR-BrBNA
005 20231205122938.0
007 ta
008 230509b bl.|||p| |||| 00| 00por d
040 _aBR-BrBNA
_bpor
_cBiblioteca Nacional de Agricultura
041 _a(En)
072 _aQ04; Q05; J11
100 1 _aMiquelim, J.N.
100 1 _aAlcântara, M.R.
100 1 _aLannes, S.C. da S.
245 1 _aStability of fruit bases and chocolate fillings
650 _aANÁLISE DE ALIMENTO
650 _aVIDA-DE-PRATELEIRA
650 _aFRUTA
650 _aPROPRIEDADE REOLÓGICA
773 0 _tCiência e Tecnologia de Alimentos (Brazil)
_xISSN 1678-457X
_g(Jan-Mar 2011), v. 31(1) p. 270-276
_wBR2013007211
856 4 0 _uhttp://www.scielo.br/pdf/cta/v31n1/41.pdf
909 _a202311
_bLúcia
_c55
_dLúcia Elande
942 _2AGRIS
_n0
_cANA
999 _c231392
_d231392